000
00284nam a22001337a 4500
020
_a
0-7214-1969-2
082
_a
823
_b
KIN/Z
100
_a
KINGSTON, PETER
245
_a
ZORIC THE SPACEMAN
260
_a
UK
_b
LADYBIRD
300
_a
51
650
_a
ENGLISH SHORT STORY
_z
UK
942
_c
BK
999
_c
4857
_d
4857